Дело по прошению крестьян Никольской волости Кирилловского уезда об открытии в ней школы

Доступно только в Электронных читальных залах Найти на картеНа карте
RUSMARC
00003747nmc2a22000003x 450
001fe2f6081-bac6-46f6-9487-89d40361933a
00520201225130302.0
100##$a20190730l18931893k l0rusy0189 ca
1010#$arus
102##$aRU
2001#$aДело по прошению крестьян Никольской волости Кирилловского уезда об открытии в ней школы
$j11 марта - 23 августа 1893 г.
251##$cДело
300##$aДело
801#0$aRU
$bРГИА
$c20190730
$gRCR
801#1$aRU
$bГлавНИВЦ
$c20190730
$2rusmarc
801#2$aRU
$bПБ им. Б.Н. Ельцина
$c20201225
$gRCR
$2rusmarc
850##$aРГИА
852##$aРГИА
$eФедеральное казенное учреждение "Российский государственный исторический архив" (РГИА)
$j449
937##$hРГИА
$d12307741
$aASBIBLIO_SCAN
462#0$1001b92bb9f0-9274-4a14-a5f0-ac7081e69216
$12001
$aДела разряда учительских семинарий и начальных училищ Департамента народного просвещения за 1891-1904 гг
$1251
$cОпись
$1852
$j172
461#0$1001a74412a3-3cc5-4d21-8f0a-dfe2fbd9e72d
$12001
$aДепартамент народного просвещения Министерства народного просвещения (1803-1917)
$1251
$cФонд
$1852
$j733
215##$a16 л.
$d36,5х26 см
371##$aДокумент не является опубликованным и широко распространяемым
105##$ay###
1222#$ad
035##$afe2f6081-bac6-46f6-9487-89d40361933a
856##$uhttp://readingroom.main.prlib.ru/item.aspx?id_node=n153190275&mode=full
Формат отображения